000 00744nam a22001817a 4500
003 UA-OsUOA
001 19351
007 ta
008 20040811b un ||||| |||| 00| 0 ukr d
100 _aСавченко Н.
942 _cSA
040 _aUA-OsUOA
_cUA-OsUOA
_dUA-OsUOA
245 _aЗнай наших
_b[Команда УМВС України в Рівнен. обл. з міні-футболу "Рівнен. зірка" зайняла перше місце на світ. першості серед поліцейських команд в італ. м.Чезена]
300 _aС.2
955 _a0
773 0 _w0
_tЗакон. Право
_dРівне
_d2004
_g№13/Лип./
650 7 _aКраєзнавча робота
_2UDC
999 _c305522
_d305522